| 000 | 00426nam a22001457a 4500 | ||
|---|---|---|---|
| 999 |
_c514233 _d514233 |
||
| 008 | 201019b ||||| |||| 00| 0 eng d | ||
| 100 |
_aHegde, Sasheej _918732 |
||
| 245 | _aCaste theory and identity hypothesis: what's the matter? | ||
| 260 | _aSocial Scientist | ||
| 300 | _a48(1-2), Jan-Feb, 2020: p.17-40 | ||
| 650 |
_aCaste theory, Genealogy _918703 |
||
| 773 | _aSocial Scientist | ||
| 906 | _aCASTES | ||
| 942 | _cAR | ||